Central Library OPAC University of Rajshahi

Cell Biology, Genetics, Molecular Biology, Evolution and Ecology / (Record no. 14510)

MARC details
000 -LEADER
fixed length control field 00775nam a22002657a 4500
001 - CONTROL NUMBER
control field 14510
003 - CONTROL NUMBER IDENTIFIER
rucl marc code BD-RjUL
005 - DATE AND TIME OF LATEST TRANSACTION
control field 20211208235636.0
008 - FIXED-LENGTH DATA ELEMENTS--GENERAL INFORMATION
fixed length control field 140206r20021974ii a|||| |||| 001 0 eng d
020 ## - INTERNATIONAL STANDARD BOOK NUMBER
International Standard Book Number 8121903661
035 ## - SYSTEM CONTROL NUMBER
System control number (BD-RjUL)14562
040 ## - CATALOGING SOURCE
Original cataloging agency BD-RjUL
Language of cataloging eng
Transcribing agency BD-RjUL
041 ## - LANGUAGE CODE
Language code of text/sound track or separate title eng
082 04 - DEWEY DECIMAL CLASSIFICATION NUMBER
Edition number 23
Classification number 571.6
Author mark and year VEC 2002
100 1# - MAIN ENTRY--PERSONAL NAME
Personal name Verma,P S
9 (RLIN) 45244
245 ## - TITLE STATEMENT
Title Cell Biology, Genetics, Molecular Biology, Evolution and Ecology /
Statement of responsibility, etc. P S Verma and V.K. Agarwal
250 ## - EDITION STATEMENT
Edition statement 14th ed
260 ## - PUBLICATION, DISTRIBUTION, ETC. (IMPRINT)
Place of publication, distribution, etc. New Delhi :
Name of publisher, distributor, etc. Chand & Company Ltd.,
Date of publication, distribution, etc. 1974 [Reprinted 2002]
300 ## - PHYSICAL DESCRIPTION
Pagination xv, 256p :
Illustrations ill. ;
Size 25cm.
504 ## - BIBLIOGRAPHY, ETC. NOTE
Bibliography, etc Includes Index
650 #0 - SUBJECT ADDED ENTRY--TOPICAL TERM
Topical term or geographic name as entry element Cytology.
9 (RLIN) 45245
Topical term or geographic name as entry element Genetics
9 (RLIN) 215066
700 ## - ADDED ENTRY--PERSONAL NAME
Personal name Agarwal, V.K.
942 ## - ADDED ENTRY ELEMENTS (KOHA)
Source of classification or shelving scheme Dewey Decimal Classification
Koha item type Books
Holdings
Lost status Source of classification or shelving scheme Damaged status Not for loan Collection code Permanent Location Current Location Shelving location Date acquired Source of acquisition Cost, normal purchase price Total Checkouts Full call number Date last seen Copy number Koha item type Total Renewals Date checked out
  Dewey Decimal Classification     Non-fiction Central Library, University of Rajshahi Central Library, University of Rajshahi   06/11/2002 Dhaka, Paragon Enterprises Ltd 312.00   571.6 VEC 2002 06/02/2014 C-5 Books    
  Dewey Decimal Classification   Not For Loan Non-fiction Central Library, University of Rajshahi Central Library, University of Rajshahi Reading Room 06/11/2002 Dhaka, Paragan Enterprises ltd. 312.00   571.6 VEC 2002 04/04/2017 C-1 Books    
  Dewey Decimal Classification     Non-fiction Central Library, University of Rajshahi Central Library, University of Rajshahi   06/11/2002 Paragon Enterprise Lit., Dhaka 312.00 6 571.6 VEC 2002 13/04/2022 C-2 Books 1 12/01/2022
  Dewey Decimal Classification     Non-fiction Central Library, University of Rajshahi Central Library, University of Rajshahi   06/11/2002 Paragon Enterprise Lit., Dhaka 312.00 1 571.6 VEC 2002 24/11/2021 C-3 Books   07/11/2021
  Dewey Decimal Classification     Non-fiction Central Library, University of Rajshahi Central Library, University of Rajshahi   06/11/2002 Paragon Enterprise Lit., Dhaka 312.00 1 571.6 VEC 2002 12/02/2019 C-4 Books   30/01/2019
  Dewey Decimal Classification     Non-fiction Central Library, University of Rajshahi Central Library, University of Rajshahi   06/11/2002 Paragon Enterprise Lit., Dhaka 312.00   571.6 VEC 2002 22/05/2017 C-6 Books    
  Dewey Decimal Classification     Non-fiction Central Library, University of Rajshahi Central Library, University of Rajshahi   06/11/2002 Paragon Enterprise Lit., Dhaka 312.00   571.6 VEC 2002 22/05/2017 C-7 Books